Szwedzkie miasta - nagła śmierć - Statystyki

Ogólne statystyki
  • Ten quiz został rozwiązany 299 razy
  • Średni wynik to 4 z 6
Answers on the Grid
Answers color-coded by a green-red scale on the quiz's grid according to % correct below.
Helsinki
Oslo
Ryga
Tallin
Sztokholm
Goteborg
Turyn
Örebro
Freiburg
Malmo
Molde
Aalborg
Kalmar
Trondheim
Sundsvall
Krasnodar
 
Statystyki odpowiedzi
Odpowiedź % Poprawnych
Sztokholm
96%
Malmo
89%
Goteborg
88%
Örebro
66%
Kalmar
56%
Sundsvall
49%
Nie znaleziono quizów pasujących do podanych kryteriów
Rozkład punktacji
Procent ludzi z każdym wynikiem
Percentyl według liczby udzielonych odpowiedzi
Twoja historia wyników
Nie rozwiązałeś tego quizu